Sports Quiz

Random Sports or Basketball Quiz
Score 0/24 Timer 05:00
5 Plays Today
% Correct
Murray State
59.7%
Eastern Kentucky
56.5%
Belmont
54.9%
Austin Peay State
54.8%
Tennessee Technological
52.7%
Tennessee State
52.2%
Eagles
51.1%
Tigers
50.9%
Morehead State
50.3%
Eastern Illinois
47.6%
Racers
47.4%
Tennessee at Martin
44.6%
% Correct
Jacksonville State
42.5%
Southeast Missouri State
41.8%
Panthers
40.4%
Governors
39.7%
Bruins
39.2%
Colonels
38.9%
Skyhawks
32.5%
Gamecocks
31.5%
Golden Eagles
31.4%
Redhawks
30.4%
Southern Illinois - Edwardsville
28.3%
Cougars
24.5%
Remove Ads.
Support Sporcle.
Get the best of Sporcle when you Go Orange. This ad-free experience offers more features, more stats, and more fun while also helping to support Sporcle. Thank you for becoming a member.

You're not logged in!

Compare scores with friends on all Sporcle quizzes.
OR
Log In

Show Comments

Extras

Top Quizzes Today


Score Distribution

Your Account Isn't Verified!

In order to create a playlist on Sporcle, you need to verify the email address you used during registration. Go to your Sporcle Settings to finish the process.

Report this User

Report this user for behavior that violates our Community Guidelines.

Details: